Normal view
MARC view
Entry Personal Name
001 - CONTROL NUMBER
- control field: 79943
003 - CONTROL NUMBER IDENTIFIER
- control field: dpl
005 - DATE AND TIME OF LATEST TRANSACTION
- control field: 20250326143424.0
008 - FIXED-LENGTH DATA ELEMENTS
- fixed length control field: 250326|| aca||aabn | a|a d
040 ## - CATALOGING SOURCE
- Original cataloging agency: dpl
- Transcribing agency: dpl
100 ## - HEADING--PERSONAL NAME
- Personal name: P. ramasamy [AND] A. Sathish Kumar
670 ## - SOURCE DATA FOUND
- Source citation: Work cat.: (dpl)210518: Moorthy, A.M. 79940, Introduction to alternative medicine and therapies/, 2022
